000 00677cam a2200193 4500
001 ABS62285
008 000000n2000 000 0 eng u
035 _a(Sirsi) u106347
100 _aKnutt, E.
245 _aAre the Eganites winning over the industry?
260 _c2000
490 _aBuilding
_v265(8137) 19 May 2000, 28-37(10)
520 _aConsiders the impact the Egan report has had on the construction industry since its publication in 1998. Includes an inteview with Sir John Egan and the views of the industry.
590 _aABS
650 _aEGAN REFORMS
650 _aCONSTRUCTION INDUSTRY
690 _aBUILDING AND CONSTRUCTION-MANAGEMENT
942 _n0
999 _c63696
_d63696